000 01141nam1a2200325 i 4500
001 RU\NLR\bibl\418565
005 20241115065803.0
035 _a(NLR Aleph) 000412540
090 _a644239
_c644239
100 _a20030710g20039999d y0rusy50 ca
101 1 _arus
102 _aRU
105 _a||||z |||||
200 1 _aМы верим в Бога
_eУроки по Библии для школьников 5-7 кл.
_f[С. Бенджамин
_gПер. Е. Давыдова]
210 _aСПб.
_cМиссия Руфь
_d2003
215 _d29
300 _aАвт. указан на обороте тит. л.
300 _aИзд. на средства Фонда Лютеран. наследия
463 0 _1001410909
605 _aБиблия
_2psbo
606 _aЕвангелизм
_92071114
_3RU\NLR\auth\661245861
606 _aЕвангелизация
_92082319
_3RU\NLR\auth\661258340
686 _aЭ376,0
700 1 _aБенджамин
_bС.
_4070
801 0 _aRU
_bNLR
_c20030710
_gPSBO
801 1 _aRU
_bNLR
_c20030710
852 _aNLR
_j2003-8/1854
942 _cBOOK